000 01636nab a22002537a 4500
999 _c5675
_d5675
003 OSt
005 20251226225042.0
008 190603e xxum|||| |||| 00| 0 spa d
040 _cPJ
245 1 0 _aPluriparentalidad en la filiación por naturaleza. Diez años de tensiones entre vínculos jurídicos y afectividad /
_cMaría Magdalena Galli Fiant.
260 _cCiudad Autónoma de Buenos Aires :
_aThomson Reuters La Ley,
_b2025.
300 _ap. 39-48
500 _aCita: TR LALEY AR/DOC/1772/2025 Publicado en: RCCyC 2025 (agosto).
505 _aSumario: I. Introducción: justificación de la elección del tema.— II. La regla del doble vínculo y la visión de la doctrina tras su incorporación.— III. El binarismo y la trascendencia de la voluntad en la filiación por naturaleza.— IV. Pluriparentalidad en la filiación por naturaleza: voces doctrinarias y avances de la jurisprudencia hacia su reconocimiento.— V. Ponemos en crisis los argumentos a favor de la pluriparentalidad.— VI. Dos sentencias de la Corte en materia de filiación y normas aplicables.— VII. Cierre: atreverse a pensar.
505 _t¿Te interesa el texto completo? Solicitalo al correo: koha@justierradelfuego.gov.ar
650 0 _91497
_aCODIGO CIVIL Y COMERCIAL
650 0 _9967
_aDERECHO DE FAMILIA
650 0 _91004
_aFILIACION
650 0 _94499
_aADOPCIÓN PLENA
650 0 _96627
_aFILIACION EXTRAMATRIMONIAL
650 0 _96628
_aNULIDAD DE LA ADOPCION
773 0 _02713
_93170
_dCiudad Autónoma de Buenos Aires : Thomson Reuters La Ley, 2015-
_tRevista Código Civil y Comercial. Nº 4 - Agosto 2025
942 _2udc
_cANA